| 000 | 00777nam a2200217 i 4500 | ||
|---|---|---|---|
| 001 | 85688 | ||
| 003 | ES-MaACL | ||
| 005 | 20250926063054.0 | ||
| 007 | t| | ||
| 008 | 041130s1949 ag ||||1| spa d | ||
| 100 | 1 |
_aJung, Carl G., _d1875-1961 _967282 |
|
| 245 | 1 | 0 |
_aPsicología y religión / _cCharles Gustave Jung ; prólogo de Enrique Butelman; traducción de Ilse T.M. de Brugger. |
| 260 |
_aBuenos Aires : _bPaidós, _c1949 ( _fFerrari Hnos.) |
||
| 300 |
_a175 p., 1 lám. ; _c21 cm. |
||
| 490 | 1 |
_aBiblioteca de psicología profunda ; _v3 |
|
| 700 | 1 |
_aButelman, Enrique. _932935 |
|
| 700 | 1 |
_aBrugger, Ilse T.M. de. _932087 |
|
| 830 | 0 |
_aBiblioteca de psicología profunda ; _v3 _9179952 |
|
| 852 |
_aES-MaACL _jD-5584 _bR.27299 |
||
| 999 |
_c85688 _d85688 |
||